| 000 | 01100nam a2200361 a 4500 | ||
|---|---|---|---|
| 001 | 20470 | ||
| 003 | VRT | ||
| 005 | 20260122144503.0 | ||
| 008 | 960531q1995 xo p 000 p slo c | ||
| 020 | _a8088834147 (brož.) | ||
| 035 | _aUKB000184613 | ||
| 040 |
_aBAA001 _bslo _cBAA001 _eAACR2 |
||
| 041 | 1 | _aslo | |
| 044 |
_axo _cSK |
||
| 080 | _a885.4-93-1(08):24 | ||
| 243 | 1 | 0 | _aBaroková literatúra |
| 245 | 0 | 0 |
_aCithara sanctorum _bvýber z renesančnej a barokovej duchovnej lyriky |
| 260 |
_aRohovce _bInterpopulart Slovakia _c[1995] |
||
| 300 | _a80 s | ||
| 490 | 1 |
_aPopulart. Študentská knižnica _v15 |
|
| 500 | _aBaroková literatúra | ||
| 504 | _aBibliogr. s. 79 | ||
| 650 | 0 | 7 | _aliteratúra slovenská klasická |
| 650 | 0 | 7 | _apoézia duchovná |
| 653 | _a885.4-93-1(08):24 | ||
| 760 | 1 | _tPopulart. Študentská knižnica | |
| 830 | 0 |
_aPopulart. Študentská knižnica _v15 |
|
| 910 | _aukb | ||
| 942 |
_2ddc _cKLDO _n0 |
||
| 949 |
_61800004737 _a30.D.64306 _bPV.1803-96 |
||
| 949 |
_61800004736 _aSL.D.23140 _bPV.1804-96 |
||
| 949 |
_61800006912 _a30.D.64306 _bKD.175-96 |
||
| 999 |
_c20470 _d20470 |
||